Kitangulizi cha mofolojia ya Kiswahili /

An introductory study of the morphology of Swahili language.

Saved in:
书目详细资料
主要作者: Wesana-Chomi, E.
格式: 图书
出版: Dar es salaam: Taasisi ya Taaluma za Kiswahili Chuo Kikuu cha Dar es salaam, 2013.
主题:
标签: 添加标签
没有标签, 成为第一个标记此记录!

MARC

LEADER 00000cam a22000005i 4500
020 |a 9789987531554  |c TZS 8000/= 
040 |a MUL  |b eng  |e AACR 
082 |a 496.39259  
100 1 |a Wesana-Chomi, E. 
245 1 0 |a Kitangulizi cha mofolojia ya Kiswahili /  |c E. Wesana-Chomi. 
260 |a Dar es salaam:  |b Taasisi ya Taaluma za Kiswahili Chuo Kikuu cha Dar es salaam,  |c 2013. 
300 |a x, 129 pages ;  |c 21 cm 
504 |a Includes bibliographical references (pages 126-129). 
520 |a An introductory study of the morphology of Swahili language. 
546 |a In Swahili. 
650 0 |a Swahili language 
942 |c BK 
999 |c 3137  |d 3137